000 00717nam a22002537a 4500
001 BR9602487
003 BR-BrBNA
005 20230928095002.0
007 ta
008 230509b bl.||||| |||| 00| 0 por d
040 _aBR-BrBNA
_bpor
_cBiblioteca Nacional de Agricultura
041 _a(Por)
072 _aC20
090 _ C20 BR9602487
100 1 _aFigueiredo, R.P. de
110 1 _aEmpresa de Assistencia Tecnica e Extensao Rural do Estado de Mato Grosso, Cuiaba (Brasil)
_94017
245 1 _aQuem esta nos estertores
260 3 _aCuiaba, MT (Brasil):
_c[nd].
300 _a12 p.
650 _aExtensao Rural
650 _aAssistencia Tecnica
909 _a202309
_bLucia
_c55
_dLucia Elande
942 _cBK
999 _c53835
_d53835